| 000 | 00778nam a2200217Ia 4500 | ||
|---|---|---|---|
| 008 | 0000001998 sp a 0000000000spa00 | ||
| 090 | _aPSP00 T27p | ||
| 100 | 1 | _aTerés, Mario | |
| 245 | 1 | 0 |
_aPedro Txillida _c/ textos Mario Terés ; fotografías Jesús A. Miranda, Jesús Uriarte |
| 300 |
_a[24] p. _c/ 25 cm. |
||
| 500 | _aCon el patronazgo del maestro venezolano Jesús Rafael Soto (q.e.p.d.) | ||
| 600 | 0 | 0 |
_aTXILLIDA, PEDRO, 1952/ _xTRABAJOS PICTORICOS |
| 650 | 1 | 4 | _aARTE CONTEMPORANEO ESPAÑOL |
| 650 | 1 | 4 | _xCATALOGOS |
| 650 | 1 | 4 | _aESCULTURA ESPAÑOLA |
| 650 | 1 | 4 | _xEXPOSICIONES |
| 650 | 1 | 4 | _aPINTORES ESPAÑOLES |
| 650 | 1 | 4 | _aPINTURA ESPAÑOLA |
| 700 | 1 | _aMiranda, Jesús A. \ Uriarte, Jesús | |
| 999 |
_c2694 _d2694 |
||
| 260 |
_aBilbao : Galería Colón xVI _c1998 |
||